• 首页
  • 本馆介绍
  • 公告通知
  • 最新文献
  • 馆藏检索
  • 电子资源
  • 读者荐购
  • 参考咨询
  • CALIS
  • 我的图书馆
  • 登录
  • 详细信息显示
  • 放入我的书架
  • 预约/预借图书
  • 作者相关作品
  • 分类相关作品
  • 丛书相关作品
  • 出版社相关作品

书目信息

  • 表格格式
  • 工作单格式
  • 卡片格式
题名:
工笔荷花画法
    
 
作者: 李晓明 绘
分册: 三  
出版信息: 天津   天津杨柳青画社  2008.04
页数: 45页
开本: 29cm
丛书名: 中国画技法丛书
单 册:
中图分类: J212.27
科图分类:
主题词: 荷花--he hua--工笔画--技法 (美术)
电子资源:
ISBN: 978-7-80738-309-3
 
 
 
 
 
000 00869nam 2200253 450
001 012008385773
005 20080612080345.59
010    @a978-7-80738-309-3@dCNY38.00
100    @a20080611d2008 em y0chiy0120 ea
101 0  @achi
102    @aCN@b120000
105    @aac z 000yy
106    @ar
200 1  @a工笔荷花画法@Agong bi he hua hua fa@h三@f李晓明绘@Fli xiao ming hui
210    @a天津@c天津杨柳青画社@d2008.04
215    @a45页@c图, 肖像@d29cm
225 2  @a中国画技法丛书@Azhong guo hua ji fa cong shu
330    @a本书是一本关于工笔画技法的书籍。介绍的是荷花的画法。内容包括:相伴醉晚风,圣洁之花,紫风微醺,五月熏风,荷花图等。
410  0 @12001 @a中国画技法丛书
606 0  @a荷花@Ahe hua@x工笔画@x技法 (美术)
690    @aJ212.27@v4
701  0 @a李晓明@Ali xiao ming@4绘
801  0 @aCN@bQSSK@c20080612
905    @b726438-40@dJ212.27@eL294:3@f3
    
    工笔荷花画法.三/李晓明绘.-天津:天津杨柳青画社,2008.04
    45页:图, 肖像;29cm.-(中国画技法丛书)
    
    
    ISBN 978-7-80738-309-3:CNY38.00
    本书是一本关于工笔画技法的书籍。介绍的是荷花的画法。内容包括:相伴醉晚风,圣洁之花,紫风微醺,五月熏风,荷花图等。
●
相关链接 在E读中查询图书 在当当中查询图书 在豆瓣中查询图书


正题名:工笔荷花画法     索取号:J212.27/L294:3         预约/预借

序号 登录号 条形码 馆藏地/架位号 状态 备注
1 726438   207264388   社科库309/309社科库 69排3列1层/ [索取号:J212.27/L294:3] 在馆    
2 726439   207264397   自科二线404/309社科库 69排3列5层/ [索取号:J212.27/L294:3] 在馆    
3 726440   207264404   社科库309/309社科库 69排3列1层/ [索取号:J212.27/L294:3] 在馆    
河南城建学院图书馆 欢迎您!
大连网信软件有限公司© 版权所有